000 00491cam a2200145 4500500
005 20260208010205.0
041 _afre
042 _adc
100 1 0 _aPich, Edgard
_eauthor
245 0 0 _aLeconte de Lisle et Parménide
260 _c2015.
500 _a55
786 0 _nRevue d'histoire littéraire de la France | 115 | 3 | 2015-09-30 | p. 579-596 | 0035-2411
856 4 1 _uhttps://shs.cairn.info/revue-d-histoire-litteraire-de-la-france-2015-3-page-579?lang=fr&redirect-ssocas=7080
999 _c1655516
_d1655516